Hydraulic model studies of McPhee Dam spillway /

Bibliographic Details
Main Author: Pugh, C. A.
Corporate Author: Engineering and Research Center (U.S.). Hydraulics Branch
Format: Government Document Book
Language:English
Published: Denver, Colo. : Hydraulics Branch, Division of Research, Engineering and Research Center, Bureau of Reclamation, [1981]
Subjects:

MARC

Tag First Indicator Second Indicator Subfields
LEADER 00000cam a2200000 a 4500
001 in00000836813
005 20151019054806.0
008 830201s1981 couab b f00010 eng d
010 |a gp 84015248  
035 |a (OCoLC)09180087 
035 |9 AEA9038AM 
040 |a UDI  |c UDI  |d GPO  |d UtOrBLW 
043 |a n-us-co 
074 |a 664-B-1 
086 0 |a I 27.72:81-2 
088 |a GR-81-2 
090 |a TA160.4  |b .U5 no.81-2 
100 1 |a Pugh, C. A. 
245 1 0 |a Hydraulic model studies of McPhee Dam spillway /  |c by Clifford A. Pugh. 
264 1 |a Denver, Colo. :  |b Hydraulics Branch, Division of Research, Engineering and Research Center, Bureau of Reclamation,  |c [1981] 
300 |a vii, 49 pages :  |b illustrations, maps ;  |c 29 cm. 
336 |a text  |b txt  |2 rdacontent 
337 |a unmediated  |b n  |2 rdamedia 
338 |a volume  |b nc  |2 rdacarrier 
500 |a "March 1981." 
504 |a Includes bibliographical references. 
500 |a "GR-81-2." 
650 0 |a Spillways  |x Design and construction  |x Models. 
650 0 |a Dams  |x Design and construction  |x Models. 
710 2 |a Engineering and Research Center (U.S.).  |b Hydraulics Branch. 
999 |a MARS 
999 f f |s 4dd0e99b-58b3-3c98-a20d-f63a8dc0820d  |i 53a7eeae-4860-3490-8bad-06b76b56ef86  |t 0 
952 f f |p normal  |a Texas A&M University  |b College Station  |c Sterling C. Evans Library  |d Evans: US Documents (Annex 5th floor)  |t 0  |e I 27.72:81-2  |h Superintendent of Documents classification  |i unmediated -- volume  |m A14838427699 
998 f f |a I 27.72:81-2  |t 0  |l Evans: US Documents (Annex 5th floor)